Statistics for Players who scored in 2002 FIFA World Cup

Click here to take the quiz!

General Stats

  • This quiz has been taken 87 times
  • The average score is 35 of 106

Answer Stats

TeamGoalsPlayer% Correct
Brazil8Ronaldo
96%
Germany5Miroslav Klose
90%
Brazil5Rivaldo
88%
England2Michael Owen
84%
Turkey1Hakan Şükür
82%
Brazil2Ronaldinho
82%
Uruguay1Diego Forlán
80%
Spain3Raúl González
78%
England1David Beckham
74%
Ireland3Robbie Keane
74%
Cameroon1Samuel Eto'o
74%
Italy4Christian Vieri
68%
Spain3Fernando Morientes
68%
Germany3Michael Ballack
66%
Sweden3Henrik Larsson
64%
Brazil1Roberto Carlos
64%
Argentina1Gabriel Batistuta
62%
USA2Landon Donovan
62%
Senegal3Papa Boupa Diop
62%
South Korea1Park Ji-sung
62%
Portugal3Pauleta
62%
Italy1Alessandro Del Piero
54%
Turkey2Hasan Şaş
54%
Brazil1Edmilson
52%
Spain2Fernando Hierro
52%
Costa Rica1Paulo Wanchope
50%
Denmark4Jon Dahl Tomasson
48%
Argentina1Hernán Crespo
46%
Belgium3Marc Wilmots
46%
Paraguay1Roque Santa Cruz
46%
England1Emile Heskey
44%
Portugal1Rui Costa
44%
Uruguay1Álvaro Recoba
42%
Senegal2Henri Camara
42%
Uruguay1Darío Rodriguez
40%
Germany1Oliver Bierhoff
40%
Costa Rica2Rónald Gómez
40%
South Africa1Benny McCarthy
38%
USA2Brian McBride
38%
Germany1Oliver Neuville
38%
Japan1Hidetoshi Nakata
36%
Senegal1Khalilou Fadiga
36%
South Korea2Ahn Jung-hwan
34%
Mexico1Cuauhtémoc Blanco
34%
Ireland1Damien Duff
34%
Paraguay1Francisco Javier Arce
32%
Turkey3İlhan Mansiz
32%
South Korea1Lee Eul-Yong
32%
England1Sol Campbell
32%
Spain1Gaizka Mendieta
30%
Mexico2Jared Borgetti
30%
Brazil1Junior
30%
Senegal1Salif Diao
30%
Germany1Bernd Schneider
28%
Turkey1Emre Belözoğlu
28%
Cameroon1Patrick M'Boma
28%
South Africa1Quinton Fortune
28%
England1Rio Ferdinand
28%
Ireland1Matt Holland
26%
Germany1Carsten Jancker
24%
Poland1Emmanuel Olisadebe
22%
Japan2Junichi Inamoto
20%
South Korea1Seol Ki-Hyeon
20%
South Africa1Siyabonga Nomvethe
20%
South Korea1Song Chong-Gug
20%
Turkey2Ümit Davala
20%
Germany1Marco Bode
18%
Paraguay2Nelson Cuevas
18%
Germany1Thomas Linke
18%
Belgium1Wesley Sonck
18%
Sweden1Anders Svensson
16%
Spain1Juan Carlos Valerón
16%
Nigeria1Julius Aghahowa
16%
Slovenia1Milenko Ačimovič
16%
Uruguay1Richard Morales
16%
Portugal1Beto
14%
Ecuador1Édison Méndez
14%
Croatia1Ivica Olić
14%
Sweden1Niclas Alexandersson
14%
Costa Rica1Mauricio Wright
12%
South Africa1Teboho Mokoena
12%
Ecuador1Agustin Delgado
10%
Ireland1Gary Breen
10%
Belgium1Johan Walem
10%
USA1John O'Brien
10%
South Africa1Lucas Radebe
10%
Poland1Marcin Żewłakow
10%
Croatia1Milan Rapaić
10%
Denmark1Dennis Rommendahl
8%
South Korea1Hwang Sun-hong
8%
Slovenia1Sebastjan Cimirotič
8%
Russia1Valery Karpin
8%
Costa Rica1Winston Parks
8%
South Korea1Yoo Sang-chul
8%
Turkey1Bülent Korkmaz
6%
USA1Clint Mathis
6%
Russia1Dmitri Sychev
6%
Mexico1Gerardo Torrado
6%
Paraguay1Jorge Luis Campos
6%
Poland1Pawel Kryszałowicz
6%
Belgium1Peter van der Heyden
6%
Japan1Takayuki Suzuki
6%
Russia1Yegor Titov
6%
Japan1Hiroaki Morishima
4%
Russia1Vladimir Beschastnykh
4%
Tunisia1Raouf Bouzaiene
2%

Score Distribution

Percentile by Number Answered

Percent of People with Each Score

Your Score History

You have not taken this quiz